Catalog

Record Details

Catalog Search



Účinné poradenství při terapii koktavosti  Cover Image Book Book

Účinné poradenství při terapii koktavosti / Jane Fraser (ed.) ; [z anglického originálu ... přeložila Alžběta Peutelschmiedová]

Fraser, Jane H. (Editor).

Record details

  • ISBN: 978-80-7367-689-6
  • Physical Description: 111 s. ; 21 cm
  • Edition: Vyd. 1.
  • Publisher: Praha : Portál, 2010

Content descriptions

Bibliography, etc. Note:
Obsahuje bibliografie a bibliografické odkazy
Subject: koktavost
logopedie
speciální poradenství
stuttering
speech therapy
special counseling
Genre: příručky
handbooks and manuals

Available copies

  • 1 of 1 copy available at Common Catalog SPOK.

Holds

  • 0 current holds with 1 total copy.
Show Only Available Copies
Location Call Number / Copy Notes Barcode Shelving Location Status Due Date
Jabok Library PeS-5.4 424480025297 Odborná literatura Available -

LDR 01647nam a2200457 a 4500
00113849
003CZ-PrJAB
00520191125143538.0
007ta
008100318s2010 xr e f 000 0 cze
015 . ‡acnb002091483
020 . ‡a978-80-7367-689-6 ‡q(brož.)
035 . ‡a(CZ PrNK)nkc20102091483
035 . ‡a(OCoLC)614292950
040 . ‡aABA001 ‡bcze
0411 . ‡acze ‡heng
072 7. ‡a376 ‡xVýchova a vzdělávání zvláštních skupin osob ‡2Konspekt ‡922
080 . ‡a616.89-008.434.3 ‡2MRF
080 . ‡a376.1-056.264 ‡2MRF
080 . ‡a376.048 ‡2MRF
080 . ‡a(035) ‡2MRF
24500. ‡aÚčinné poradenství při terapii koktavosti / ‡cJane Fraser (ed.) ; [z anglického originálu ... přeložila Alžběta Peutelschmiedová]
250 . ‡aVyd. 1.
260 . ‡aPraha : ‡bPortál, ‡c2010
300 . ‡a111 s. ; ‡c21 cm
4901 . ‡aSpeciální pedagogika
504 . ‡aObsahuje bibliografie a bibliografické odkazy
65007. ‡akoktavost ‡7ph121704 ‡2czenas
65007. ‡alogopedie ‡7ph117229 ‡2czenas
65007. ‡aspeciální poradenství ‡7ph125897 ‡2czenas
65009. ‡astuttering ‡2eczenas
65009. ‡aspeech therapy ‡2eczenas
65009. ‡aspecial counseling ‡2eczenas
655 7. ‡apříručky ‡7fd133209 ‡2czenas
655 9. ‡ahandbooks and manuals ‡2eczenas
7001 . ‡aFraser, Jane H. ‡7xx0071031 ‡4edt
7650 . ‡tEffective counseling in stuttering therapy ‡9Česky
830 0. ‡aSpeciální pedagogika (Portál)
910 . ‡aABG312
995 . ‡aska
901 . ‡a13849 ‡bCZ PrNK ‡c13849 ‡tbiblio

Additional Resources